000 00775cam a22002171 4500
001 sa 65004789
003 DLC
005 20260227112133.0
008 880307s1961 pk b s 000 0 eng
010 _asa 65004789
025 _aPL480:P-E-356
035 _a(OCoLC)17590659
040 _aDLC
_cMiEM
_dMiEM
_dDLC
050 0 0 _aHC440.5.Z7
_bP8 no. 1
100 1 _aAnwar, Abul Aziz.
245 1 2 _aA methodological study to estimate the birth rate and death rate of rural population of Lahore Tehsil.
_cUnder the supervision of Mohammad Afzal.
260 _a[Lahore?]
_c1961.
300 _aiv, 20 p.
_bfold. map.
_c25 cm.
410 2 0 _aBoard of Economic Inquiry, West Pakistan, Lahore.
_tInterim report series,
_vno. 1
651 0 _aLahore Tahsil (Pakistan)
_xStatistics, Vital.
999 _c63953
_d63953